Толкова много време (Запис номер 130106)
[ съкратено ]
| 000 -Лидер | |
|---|---|
| Контролно поле с фиксирана дължина | 01354nam a2200349 c 4500 |
| 003 - Код на организацията, давaща контролен номер | |
| Контролно поле | BLK |
| 005 - Дата и час на последна редакция | |
| Контролно поле | 20240927150704.0 |
| 008 - Елементи от данни с фиксирана дължина | |
| fixed length control field | 180409b bul|||||r ||||||| ||bul|| |
| 010 ## - Наследен системен номер | |
| LC control number | KNG00135858000 |
| 020 ## - Международен стандартен номер на книга ISBN | |
| Международен стандартен номер на книга ISBN | 978-954-8657-74-7 |
| -- | издат.: Enthusiast |
| 040 ## - Източник на каталожния запис | |
| Идентификатор на билиотеката - собственик на записа | BLK |
| 041 ## - Код за език | |
| Код за езика на текст/звукозапис или на отделно заглавие | Български |
| Код за езика КДБФ | Български |
| 072 #7 - Код за тематичната категория | |
| Код организация | bullib |
| Код за тематична категория | Н83 |
| Текст | Чужда художествена литература Н |
| 080 ## - УДК | |
| Текстов определител УДК | Немска литература |
| УДК код - определител по УДК | 821.112.2 |
| УДК определител | -31 |
| УДК - код + определител | 821.112.2-31 |
| 100 1# - Редна дума - Автор | |
| Автор | Госен, Франк |
| Авторска отговорност | първи автор |
| R(LIN) | 55310 |
| 139 ## - Редно поле | |
| Редна дума | Госен, Франк |
| Авторски знак | Гос - Г 70 |
| 245 10 - Сведения за заглавието | |
| Заглавие | Толкова много време |
| Подзаглавни данни | Роман |
| Редно поле (дума) | Франк Госен; прев. от нем. Петя Пешева. |
| 257 ## - Страна на издаване | |
| Страна на създаване/издаване | Германия |
| 260 ## - Област на издателските данни | |
| -- | София |
| Име на издателя, разпространителя и проч. | Enthusiast |
| Година на издаване | 2011 |
| Печатница | София : Мултипринт |
| 300 ## - Физическа характеристика | |
| Страници | 352 с. |
| Размери/Мащаб | 21 см |
| 380 ## - Жанр | |
| Жанр | Худож. лит. |
| 500 ## - Общи забележки | |
| Забележка | Ориг. загл. So viel Zeit / Frank Goosen. |
| 653 ## - Ключова дума – ненормативна | |
| Ключова дума | романи |
| 659 ## - Тематичен бюлетин | |
| Тематичен бюлетин | Н |
| 700 ## - Други автори (авторска отговорност) | |
| Лично име | Пешева, Петя Димитрова |
| Дати, свързани с автора | 1953 - |
| Пълна форма на името | Пешева-Тошева, Петя Димитрова |
| 9 (RLIN) | 246479 |
| 852 ## - Местоположение | |
| Форматна сигнатура | Цб 256978 |
| 856 4# - Електронен адрес и достъп | |
| Електронен формат | pdf - файл |
| Път до файла /url/ | |
| 856 4# - Електронен адрес и достъп | |
| Електронен формат | pdf - файл |
| Път до файла /url/ | |
| 942 ## - АРТИКУЛИ | |
| Вид на библиотечния материал | Книги |
| Скрит в OPAC | Не |
| Koha issues (borrowed), all copies | 10 |
| 944 ## - СЪЗДАВАНЕ И РЕДАКЦИЯ на ЗАПИСА | |
| Създаване/Редакция | Създаване |
| Дата на регистрацията/редакция | 06.11.2012 |
| Статус, дата на статуса | Геновева Генчева |
| Служител, извършил регистрацията/редакцията | 30560 |
| 944 ## - СЪЗДАВАНЕ И РЕДАКЦИЯ на ЗАПИСА | |
| Създаване/Редакция | Редакция |
| Дата на регистрацията/редакция | 13.06.2017 |
| Статус, дата на статуса | ф / |
| Служител, извършил регистрацията/редакцията | Людмила_Стоянова |
| 999 ## - СИСТЕМНИ КОНТРОЛНИ НОМЕРА | |
| Koha biblionumber | 130106 |
| Koha biblioitemnumber | 130106 |
| Код за отписване | Код за изгубен артикул | Код за повреда | Коз за рестрикции | Код за отдаване | Артикулен № | Име на библиотеката - собственик | Име на библиотеката, в която се намира в момента | Статус (Текущо местоположение) | Дата на вписване в системата | Местоположение - отдел | Цена в лева | Инвентарен номер | Систематично азбучна сигнатура | Баркод | Номер на екземпляра | Цена в евро | Служебна бележка | Служебен тип на артикула | Източник на класификационната схема |
|---|---|---|---|---|---|---|---|---|---|---|---|---|---|---|---|---|---|---|---|
| Не е изгубен | Не е повреден | без рестрикции | ползва се в читалня | 211538 | Регионална библиотека "Любен Каравелов" Русе | Регионална библиотека "Любен Каравелов" Русе | Хранилище | 2012-11-06 | Хранилище | 15.00 | 120000760870 | Цб 256978 | 120000760870 | 1 | 7.67 | Дост: Dp Вид: Д N: 35 Дата: 29.08.2011 | Книги | ||
| Не е изгубен | Не е повреден | без рестрикции | заемане за дома | 211539 | Регионална библиотека "Любен Каравелов" Русе | Регионална библиотека "Любен Каравелов" Русе | Заемна - подръчен фонд | 2017-05-26 | Заемна - подръчен фонд | 2.00 | 120000811588 | П 830-31/Г 70 | 120000811588 | 2 | 1.02 | Дост: Pk Вид: Ф N: 490 Дата: 26.05.2017 Дата инв: 12.02.2018 Бележки инв: П2018 | Книги | ||
| Не е изгубен | Не е повреден | заемане за дома | 687733 | Регионална библиотека "Любен Каравелов" Русе | Регионална библиотека "Любен Каравелов" Русе | Заемна - подръчен фонд | 2018-12-27 | Заемна - подръчен фонд | 5.00 | П 830-31/Г 70 | 120000828898 | 2.56 | Книги | Universal Decimal Classification |